Land reform in Japan

محفوظ في:
التفاصيل البيبلوغرافية
المؤلف الرئيسي: Dore, R.P.
التنسيق: كتاب
اللغة:Undetermined
منشور في: London Oxford University Press 1959
الموضوعات:
الوسوم: إضافة وسم
لا توجد وسوم, كن أول من يضع وسما على هذه التسجيلة!
Thư viện lưu trữ: Trung tâm Học liệu Trường Đại học Cần Thơ
LEADER 00534nam a2200217Ia 4500
001 CTU_110163
008 210402s9999 xx 000 0 und d
082 |a 333.0952 
082 |b D695 
100 |a Dore, R.P. 
245 0 |a Land reform in Japan 
245 0 |c R.P. Dore 
260 |a London 
260 |b Oxford University Press 
260 |c 1959 
650 |a Land reform 
650 |x History 
650 |y 20th century 
650 |z japan 
904 |i Tuyến 
980 |a Trung tâm Học liệu Trường Đại học Cần Thơ